[Event "Mistrzostwa Polski Juniorow do 16 lat"]
[Site "Karpacz"]
[Date "2015.??.??"]
[Round "5.13"]
[White "Zaleski, Lukasz"]
[Black "Janiszewski, Filip"]
[Result "1-0"]
[WhiteElo "2005"]
[BlackElo "1919"]
[PlyCount "121"]
[EventDate "2015.??.??"]

1. e4 c5 2. Nf3 e6 3. d4 cxd4 4. Nxd4 Nf6 5. Nc3 d6 6. g3 Be7 7. Bg2 a6 8. O-O
O-O 9. Re1 Qc7 10. Kh1 Nc6 11. h3 Nxd4 12. Qxd4 e5 13. Qd3 b5 14. Bg5 Ng4 15.
Be3 Nxe3 16. Rxe3 Bb7 17. Re2 g6 18. Nd5 Bxd5 19. Qxd5 Rac8 20. c3 Kg7 21. a4
Qb6 22. axb5 Rc5 23. Qa2 Rxb5 24. Qxa6 Rxb2 25. Qxb6 Rxb6 26. Rc2 Rc8 27. Bf1
f5 28. exf5 gxf5 29. c4 d5 30. Ra5 Rd6 31. Bd3 e4 32. cxd5 Rcd8 33. Bc4 R8d7
34. Ba2 Kf6 35. Kg2 Ke5 36. Rc6 Kf6 37. g4 fxg4 38. hxg4 Bf8 39. Ra4 Rxc6 40.
dxc6 Rc7 41. Rxe4 Rxc6 42. Rf4+ Ke7 43. Rf7+ Ke8 44. Rxh7 Rc2 45. Bf7+ Kd8 46.
Bh5 Rc7 47. Bf7 Ke7 48. Bb3+ Kd6 49. Rxc7 Kxc7 50. f4 Kd7 51. Kf3 Ke7 52. g5
Bg7 53. Kg4 Bc3 54. Kh5 Kf8 55. Kg6 Bd2 56. f5 Be3 57. f6 Bd2 58. Kf5 Bc1 59.
g6 Bh6 60. Bc4 Bg7 61. fxg7+ 1-0

[Event "Mistrzostwa Polski Juniorow do 16 lat"]
[Site "Karpacz"]
[Date "2015.??.??"]
[Round "5.15"]
[White "Fukowski, Pawel"]
[Black "Holownia, Michal"]
[Result "1/2-1/2"]
[WhiteElo "1920"]
[BlackElo "1795"]
[PlyCount "120"]
[EventDate "2015.??.??"]

1. d4 Nf6 2. Nf3 c5 3. g3 g6 4. Bg2 Bg7 5. dxc5 Qa5+ 6. c3 Qxc5 7. Be3 Qc7 8.
Na3 a6 9. Qb3 d6 10. Bb6 Qd7 11. Nc4 Qb5 12. Nd4 Qxb3 13. axb3 d5 14. Nb5 O-O
15. Nc7 dxc4 16. Nxa8 cxb3 17. O-O Nbd7 18. Rfd1 Ne5 19. Bc5 Nfd7 20. Ba3 Nc4
21. Nc7 Nxa3 22. Rxa3 Nc5 23. Nd5 Re8 24. Nb6 Bf5 25. e4 Nxe4 26. Rxb3 Nxf2 27.
Rf1 Ne4 28. Nd5 Nd2 29. Rxb7 Nxf1 30. Bxf1 Bf8 31. Bxa6 Bc8 32. Rb8 Bd7 33.
Rxe8 Bxe8 34. b4 Bc6 35. Ne3 Bg7 36. b5 Be4 37. c4 Bd4 38. Kf2 Bd3 39. Kf3 Bxe3
40. Kxe3 Bxc4 41. Kd4 Bf1 42. Kc5 Bxb5 43. Bxb5 Kg7 44. Kd4 Kf6 45. h3 Kf5 46.
Bd3+ Kg5 47. Ke5 h5 48. Be2 h4 49. g4 f5 50. gxf5 gxf5 51. Bc4 f4 52. Bd3 Kh6
53. Kxf4 Kg7 54. Kg5 Kh8 55. Kxh4 Kg7 56. Kg5 e6 57. h4 e5 58. h5 Kg8 59. Kh6
Kh8 60. Bh7 e4 1/2-1/2

[Event "Mistrzostwa Polski Juniorow do 16 lat"]
[Site "Karpacz"]
[Date "2015.??.??"]
[Round "5.16"]
[White "Wisniewski, Jacek"]
[Black "Adamczewski, Maciej"]
[Result "1/2-1/2"]
[WhiteElo "1775"]
[BlackElo "1903"]
[PlyCount "84"]
[EventDate "2015.??.??"]

1. e4 c5 2. Nf3 Nc6 3. Bb5 d6 4. O-O Bd7 5. Re1 Nf6 6. c3 a6 7. Bf1 Bg4 8. d4
cxd4 9. cxd4 Bxf3 10. gxf3 e5 11. d5 Nd4 12. Be3 Be7 13. Nc3 O-O 14. Bg2 g6 15.
f4 Rc8 16. fxe5 dxe5 17. f4 Nh5 18. fxe5 Nb5 19. Nxb5 axb5 20. Rc1 Bh4 21. Rxc8
Qxc8 22. Rf1 Qc4 23. Qg4 Be7 24. Qd7 Bc5 25. Bxc5 Qxc5+ 26. Kh1 Qc8 27. Bh3 Qc2
28. e6 Qxe4+ 29. Bg2 Qh4 30. Qd6 f5 31. e7 Re8 32. Qe6+ Kg7 33. Qe5+ Qf6 34.
Qxf6+ Kxf6 35. d6 Ke6 36. Rd1 Nf6 37. Bxb7 Kd7 38. Kg2 Rb8 39. Bf3 Rb6 40. Be2
Rxd6 41. e8=Q+ Nxe8 42. Bxb5+ Kd8 1/2-1/2

[Event "Mistrzostwa Polski Juniorow do 16 lat"]
[Site "Karpacz"]
[Date "2015.??.??"]
[Round "5.18"]
[White "Oleszek, Maciej"]
[Black "Kaminski, Piotr"]
[Result "0-1"]
[WhiteElo "1788"]
[BlackElo "1887"]
[PlyCount "42"]
[EventDate "2015.??.??"]

1. e4 c5 2. Nf3 g6 3. d4 cxd4 4. Qxd4 Nf6 5. e5 Nc6 6. Qa4 Nd5 7. Bb5 Bg7 8.
O-O O-O 9. Qh4 a6 10. Bxc6 bxc6 11. Bh6 f6 12. Bxg7 Kxg7 13. c4 Nb4 14. exf6+
Rxf6 15. Nc3 Nd3 16. Qd4 Nf4 17. Rfe1 Kg8 18. Re4 Ne6 19. Qd2 d6 20. Rae1 Ra7
21. Rh4 Qf8 {Dalej zapis nieczytelny} 0-1

[Event "Mistrzostwa Polski Juniorow do 16 lat"]
[Site "Karpacz"]
[Date "2015.??.??"]
[Round "5.19"]
[White "Choina, Michal"]
[Black "Pasieka, Marcin"]
[Result "1/2-1/2"]
[WhiteElo "1678"]
[BlackElo "1683"]
[PlyCount "47"]
[EventDate "2015.??.??"]

1. e4 e5 2. Nf3 Nf6 3. Nxe5 d6 4. Nf3 Nxe4 5. d4 d5 6. Bd3 Nc6 7. O-O Be7 8.
Nc3 Nxc3 9. bxc3 Bg4 10. h3 Bh5 11. Rb1 Rb8 12. Re1 O-O 13. Bf4 Bd6 14. Bg3
Bxg3 15. fxg3 Re8 16. g4 Bg6 17. Bxg6 hxg6 18. Qd2 Rxe1+ 19. Rxe1 Qd7 20. Qf4
Qd6 21. Qe3 Qd7 22. Qf4 Qd6 23. Qe3 Qd7 24. Qf4 1/2-1/2

[Event "Mistrzostwa Polski Juniorow do 16 lat"]
[Site "Karpacz"]
[Date "2015.??.??"]
[Round "5.20"]
[White "Klementowski, Dawid"]
[Black "Rzeszowski, Dominik"]
[Result "1-0"]
[WhiteElo "1805"]
[BlackElo "1780"]
[PlyCount "79"]
[EventDate "2015.??.??"]

1. e4 d5 2. exd5 Qxd5 3. Nc3 Qd6 4. d4 Nf6 5. Nf3 a6 6. Bc4 b5 7. Bd3 Bb7 8.
Qe2 e6 9. Ne4 Nxe4 10. Bxe4 Nc6 11. c3 Be7 12. Ne5 Rd8 13. Bf4 Nxd4 14. cxd4
Qxd4 15. Bxb7 Bb4+ 16. Kf1 Qxf4 17. Bc6+ Ke7 18. g3 Qf6 19. Nd3 Rxd3 20. Qxd3
Rd8 21. Qf3 Qxb2 22. Kg2 Rd2 23. Rad1 Qxa2 24. Rxd2 Bxd2 25. Rd1 Qc2 26. Be4
Qc3 27. Qxc3 Bxc3 28. Rd3 b4 29. Bc6 e5 30. f4 e4 31. Bxe4 c5 32. Bd5 f5 33.
Bb3 g6 34. Kf3 a5 35. h3 Bd4 36. Rd2 Bc3 37. Ra2 Kd6 38. Rxa5 c4 39. Bxc4 b3
40. Ra6+ 1-0

[Event "Mistrzostwa Polski Juniorow do 16 lat"]
[Site "Karpacz"]
[Date "2015.??.??"]
[Round "6.10"]
[White "Wacior, Maciej"]
[Black "Szustakowski, Antoni"]
[Result "0-1"]
[WhiteElo "1997"]
[BlackElo "1862"]
[PlyCount "72"]
[EventDate "2015.??.??"]

1. d4 d5 2. Nc3 Bf5 3. Bf4 Nf6 4. f3 c5 5. e3 Nc6 6. g4 Bg6 7. h4 h6 8. h5 Bh7
9. Nb5 Rc8 10. c3 a6 11. Na3 e6 12. Bd3 cxd4 13. exd4 Bxa3 14. bxa3 Qa5 15. Qd2
Bxd3 16. Qxd3 Qxa3 17. Ne2 Na5 18. Kf2 Qe7 19. Rag1 Nh7 20. Bc1 O-O 21. f4 f6
22. Ke1 Qf7 23. g5 fxg5 24. fxg5 Qf2+ 25. Kd1 Nxg5 26. Bxg5 hxg5 27. h6 Qf5 28.
Qe3 Nc4 29. Qxg5 Qb1+ 30. Nc1 Nb2+ 31. Kd2 Rf2+ 32. Ke3 Rf7 33. Kd2 Qe4 34. Qg3
Nc4+ 35. Kd1 Ne3+ 36. Kd2 Qc2+ 0-1

[Event "Mistrzostwa Polski Juniorow do 16 lat"]
[Site "Karpacz"]
[Date "2015.??.??"]
[Round "6.11"]
[White "Domanski, Lukasz"]
[Black "Bakalarczyk, Jakub"]
[Result "1-0"]
[WhiteElo "1974"]
[BlackElo "1602"]
[PlyCount "51"]
[EventDate "2015.??.??"]

1. e4 c6 2. c4 d5 3. exd5 cxd5 4. cxd5 Qxd5 5. Nc3 Qa5 6. d4 Nf6 7. Nf3 g6 8.
Bc4 Bg7 9. Ne5 e6 10. O-O O-O 11. Qf3 Qc7 12. b3 Nc6 13. Nb5 Nxe5 14. dxe5 Qxe5
15. Bf4 Qe4 16. Nc7 Qxf3 17. gxf3 Nd5 18. Bxd5 exd5 19. Nxa8 Bh3 20. Nc7 Bxf1
21. Rxf1 d4 22. Rd1 Rd8 23. Nb5 a6 24. Nd6 b5 25. Ne4 f5 26. Nc5 1-0

[Event "Mistrzostwa Polski Juniorow do 16 lat"]
[Site "Karpacz"]
[Date "2015.??.??"]
[Round "6.12"]
[White "Szmer, Aleksander"]
[Black "Mockun, Dawid"]
[Result "0-1"]
[WhiteElo "1767"]
[BlackElo "1892"]
[PlyCount "98"]
[EventDate "2015.??.??"]

1. e4 e6 2. d4 d5 3. Nc3 Nf6 4. Bg5 Be7 5. e5 Nfd7 6. h4 a6 7. Qg4 Bxg5 8. hxg5
Nf8 9. Bd3 c5 10. g6 fxg6 11. Bxg6+ Nxg6 12. Qxg6+ hxg6 13. Rxh8+ Ke7 14. Rxd8
Kxd8 15. dxc5 Nd7 16. f4 Nxc5 17. O-O-O Ke7 18. Nf3 b5 19. Rh1 Bb7 20. b4 Nd7
21. Rh7 Rg8 22. Ne2 Nb6 23. Ned4 Nc4 24. Ng5 Bc8 25. Kd1 Bd7 26. Ke2 a5 27. a3
a4 28. Rh3 Rf8 29. Rf3 Rh8 30. Nh3 g5 31. Rg3 gxf4 32. Nxf4 Nxe5 33. Rxg7+ Kf6
34. Rg3 Rh4 35. Ke3 Nc4+ 36. Kf3 Rxf4+ 37. Kxf4 e5+ 38. Kf3 exd4 39. Ke2 Bf5
40. Kd1 Ne3+ 41. Kc1 Bxc2 42. Rg8 Be4 43. Rb8 Nc4 44. Rxb5 d3 45. Rb8 Bxg2 46.
Rf8+ Ke6 47. Rf2 Bh3 48. Rf4 Ke5 49. Rh4 Bf1 0-1

[Event "Mistrzostwa Polski Juniorow do 16 lat"]
[Site "Karpacz"]
[Date "2015.??.??"]
[Round "6.14"]
[White "Kaminski, Piotr"]
[Black "Fukowski, Pawel"]
[Result "0-1"]
[WhiteElo "1887"]
[BlackElo "1920"]
[PlyCount "110"]
[EventDate "2015.??.??"]

1. e4 e6 2. d4 d5 3. Nc3 Bb4 4. e5 c5 5. Bd2 Bxc3 6. Bxc3 Qc7 7. Qg4 f5 8. Qh5+
g6 9. Qh4 b6 10. Bb5+ Bd7 11. Be2 Nc6 12. Nf3 Qd8 13. Qg3 Nh6 14. Bd2 Nf7 15.
c3 Qe7 16. h4 O-O-O 17. Bg5 Nxg5 18. hxg5 c4 19. b3 Qa3 20. O-O b5 21. Nd2 Na5
22. Rfb1 Kc7 23. Qe3 Rdf8 24. f4 Nc6 25. Kf2 Rf7 26. Rh1 Rg8 27. b4 a5 28. bxa5
Ra8 29. Nf3 Rxa5 30. Qd2 b4 31. cxb4 Nxb4 32. Rhc1 Nc6 33. Rc3 Qb4 34. Qc2 Qb6
35. Ke3 Qa7 36. a3 Nb8 37. Qc1 Ba4 38. Rb1 Kc8 39. g3 Nc6 40. Bf1 Rb7 41. Rxb7
Kxb7 42. Be2 Bb3 43. Qh1 Ka8 44. Qh6 Qe7 45. Rc1 Rxa3 46. Kf2 Ra7 47. Ke3 Nb4
48. Ne1 Na2 49. Ra1 Nc3 50. Rxa7+ Kxa7 51. Qh2 Kb6 52. Bf1 Qa3 53. Qd2 Ne4 54.
Qh2 Qc1+ 55. Kf3 Qxe1 0-1

[Event "Mistrzostwa Polski Juniorow do 16 lat"]
[Site "Karpacz"]
[Date "2015.??.??"]
[Round "6.16"]
[White "Adamczewski, Maciej"]
[Black "Badyra, Wasyl"]
[Result "0-1"]
[WhiteElo "1903"]
[BlackElo "1885"]
[PlyCount "112"]
[EventDate "2015.??.??"]

1. d4 Nf6 2. c4 g6 3. Nc3 Bg7 4. g3 O-O 5. Bg2 d6 6. Nf3 Nc6 7. d5 Na5 8. Nd2
c5 9. O-O a6 10. Qc2 Rb8 11. b3 b5 12. Bb2 bxc4 13. bxc4 Nd7 14. Rab1 Ne5 15.
Nd1 Bd7 16. h3 Rb4 17. a3 Ba4 18. Qc3 Rxb2 19. Nxb2 Nexc4 20. Qc1 Bxb2 21. Rxb2
Nxd2 22. Qxd2 Nc4 23. Qc3 Nxb2 24. Qxb2 Qb8 25. Rb1 Qxb2 26. Rxb2 Rc8 27. Be4
c4 28. Bc2 c3 29. Ra2 Bb5 30. e4 Bc4 31. Ra1 Rb8 32. Rc1 Rb2 33. Kg2 Ra2 34. a4
Be2 35. Bb3 Ra3 36. Rxc3 a5 37. Re3 Ba6 38. Rc3 Kg7 39. Kf3 Bc8 40. Rxc8 Rxb3+
41. Kf4 Kf6 42. h4 h6 43. Rg8 Ra3 44. g4 g5+ 45. hxg5+ hxg5+ 46. Rxg5 e5+ 47.
dxe6 fxe6 48. e5+ dxe5+ 49. Rxe5 Rxa4+ 50. Re4 e5+ 51. Ke3 Rxe4+ 52. Kxe4 a4
53. Kd3 e4+ 54. Kc3 Kg5 55. Kb4 Kxg4 56. Kxa4 Kf3 0-1

[Event "Mistrzostwa Polski Juniorow do 16 lat"]
[Site "Karpacz"]
[Date "2015.??.??"]
[Round "6.19"]
[White "Pasieka, Marcin"]
[Black "Tamon, Radoslaw"]
[Result "0-1"]
[WhiteElo "1683"]
[BlackElo "1880"]
[PlyCount "132"]
[EventDate "2015.??.??"]

1. e4 e6 2. d4 d5 3. Nd2 c5 4. Ngf3 cxd4 5. exd5 Qxd5 6. Bc4 Qd6 7. O-O Nf6 8.
Nb3 Nc6 9. Nbxd4 Nxd4 10. Nxd4 a6 11. Re1 Qc7 12. Bb3 Be7 13. c3 O-O 14. Qf3
Re8 15. Bf4 Bd6 16. Bxd6 Qxd6 17. Rad1 Qc7 18. h3 Rb8 19. Qe2 Bd7 20. Nf3 Red8
21. Ne5 Be8 22. Bc2 Nd7 23. Nxd7 Rxd7 24. Rxd7 Bxd7 25. Rd1 Bc6 26. Qd3 g6 27.
Qd4 Qa5 28. Bb3 Qg5 29. Qg4 Qxg4 30. hxg4 Kg7 31. g5 h6 32. gxh6+ Kxh6 33. f3
Kg5 34. Kf2 Rh8 35. Bc2 e5 36. c4 Rh4 37. b3 f5 38. a3 a5 39. Re1 Kf6 40. Kg3
Rd4 41. Rd1 Rxd1 42. Bxd1 e4 43. fxe4 Bxe4 44. Bf3 Ke5 45. b4 axb4 46. axb4 g5
47. Bh5 Kd4 48. Bf7 Ke3 49. Bd5 Kd4 50. Be6 Kc3 51. b5 Kd4 52. Bf7 b6 53. Be6
Bd3 54. Kf3 Ke5 55. Bd5 Bc2 56. Ke3 Bd1 57. Kd2 Bg4 58. Ke3 f4+ 59. Kd3 Bf5+
60. Kc3 g4 61. Kb4 Kd4 62. Bc6 Bd3 63. Kb3 Bxc4+ 64. Kc2 Bd5 65. Bd7 Bxg2 66.
Bxg4 f3 0-1

[Event "Mistrzostwa Polski Juniorow do 16 lat"]
[Site "Karpacz"]
[Date "2015.??.??"]
[Round "6.20"]
[White "Rzeszowski, Dominik"]
[Black "Oleszek, Maciej"]
[Result "0-1"]
[WhiteElo "1780"]
[BlackElo "1788"]
[PlyCount "44"]
[EventDate "2015.??.??"]

1. b3 e5 2. Bb2 Nc6 3. e3 Nf6 4. c4 d5 5. d3 Bb4+ 6. Nd2 dxc4 7. bxc4 O-O 8.
Be2 Re8 9. Qc2 Bf5 10. O-O-O a6 11. f3 Bc5 12. Nf1 Qe7 13. g4 Bc8 14. Kb1 Rd8
15. h4 b5 16. Rc1 Nd7 17. cxb5 axb5 18. d4 exd4 19. Bxb5 Nb4 20. Qc4 c6 21.
exd4 cxb5 22. Qxb5 Ba6 0-1

[Event "Mistrzostwa Polski Juniorow do 16 lat"]
[Site "Karpacz"]
[Date "2015.??.??"]
[Round "6.7"]
[White "Michalski, Filip"]
[Black "Madej, Roman"]
[Result "1/2-1/2"]
[WhiteElo "2030"]
[BlackElo "1935"]
[PlyCount "90"]
[EventDate "2015.??.??"]

1. d4 d5 2. c4 c6 3. Nc3 e5 4. e3 exd4 5. Qxd4 Nf6 6. cxd5 cxd5 7. Nf3 Nc6 8.
Qa4 Bd7 9. Be2 Bc5 10. Qb3 Be6 11. Qb5 Qb6 12. O-O O-O 13. Rd1 Rfd8 14. Na4
Qxb5 15. Bxb5 Be7 16. b3 Ne4 17. Bb2 Rac8 18. Rac1 h6 19. Nd4 Nxd4 20. Bxd4 a6
21. Bd3 Ba3 22. Nb2 b5 23. f3 Nc5 24. Bb1 Nd7 25. Kf2 f6 26. Rxc8 Rxc8 27. Nd3
Bd6 28. h3 Kf7 29. Ke2 Ke7 30. Bb2 Nb6 31. Ne1 Be5 32. Ba3+ Bd6 33. Bxd6+ Kxd6
34. Bd3 Nd7 35. Nc2 Ne5 36. Nd4 Rc5 37. b4 Rc8 38. g4 Nxd3 39. Kxd3 g6 40. Nb3
Rc4 41. a3 h5 42. Na5 Rc7 43. Nb3 Rc4 44. Nc5 Bc8 45. Re1 a5 1/2-1/2

[Event "Mistrzostwa Polski Juniorow do 16 lat"]
[Site "Karpacz"]
[Date "2015.??.??"]
[Round "6.8"]
[White "Golda, Sebastian"]
[Black "Maj, Kornel"]
[Result "0-1"]
[WhiteElo "1874"]
[BlackElo "2089"]
[PlyCount "70"]
[EventDate "2015.??.??"]

1. e4 c5 2. g3 d5 3. exd5 Qxd5 4. Nf3 Bg4 5. Bg2 Qe6+ 6. Kf1 Nc6 7. h3 Bh5 8.
Nc3 Nf6 9. d3 O-O-O 10. Bf4 c4 11. d4 Qd7 12. g4 Bg6 13. Ne5 Qxd4 14. Qf3 Be4
15. Nxe4 Nxe5 16. Bxe5 Qxe5 17. Nxf6 Qxb2 18. Qxb7+ Qxb7 19. Bxb7+ Kxb7 20.
Rb1+ Kc7 21. Ne4 e6 22. Ke2 Be7 23. Nd2 Rd4 24. c3 Rf4 25. Ke3 g5 26. Nf3 Bc5+
27. Ke2 Rd8 28. Rhd1 Rd3 29. Nxg5 Rxf2+ 30. Ke1 Rg3 31. Rd4 Bxd4 32. cxd4 Rh2
33. Kf1 Rh1+ 34. Kf2 Rxb1 35. Kxg3 c3 0-1

[Event "Mistrzostwa Polski Juniorow do 16 lat"]
[Site "Karpacz"]
[Date "2015.??.??"]
[Round "6.9"]
[White "Jankowiak, Tomasz"]
[Black "Zaleski, Lukasz"]
[Result "1-0"]
[WhiteElo "1663"]
[BlackElo "2005"]
[PlyCount "55"]
[EventDate "2015.??.??"]

1. e4 e6 2. d4 d5 3. Nd2 Nf6 4. e5 Nfd7 5. c3 c5 6. Bd3 Nc6 7. Ne2 cxd4 8. cxd4
f6 9. exf6 Nxf6 10. Nf3 Bd6 11. O-O O-O 12. Bf4 Bxf4 13. Nxf4 Ne4 14. Ne2 Rxf3
15. gxf3 Ng5 16. Kh1 e5 17. dxe5 Nxf3 18. Bxh7+ Kh8 19. Nf4 Ncxe5 20. Ng6+ Nxg6
21. Qxf3 Ne5 22. Qh5 Bg4 23. Qxe5 Kxh7 24. f3 Bd7 25. Qh5+ Kg8 26. Qxd5+ Kh8
27. Rad1 Qf6 28. Qxd7 1-0

[Event "Mistrzostwa Polski Juniorow do 16 lat"]
[Site "Karpacz"]
[Date "2015.??.??"]
[Round "6.13"]
[White "Czerniawski, Krzysztof"]
[Black "Klepek, Witold"]
[Result "1-0"]
[WhiteElo "1680"]
[BlackElo "1931"]
[PlyCount "97"]
[EventDate "2015.??.??"]

1. e4 c5 2. Nf3 Nc6 3. c4 g6 4. Nc3 Bg7 5. Be2 e6 6. d3 Nge7 7. Be3 b6 8. d4
cxd4 9. Nxd4 O-O 10. Qd2 f5 11. Nxc6 dxc6 12. f3 Qc7 13. O-O-O f4 14. Bf2 c5
15. g3 Nc6 16. Nb5 Qe5 17. gxf4 Qxf4 18. Be3 Qf7 19. f4 Nd4 20. Nd6 Qc7 21. e5
Bb7 22. Bg4 h5 23. Bh3 Bxh1 24. Bxd4 Bf3 25. Bxe6+ Kh7 26. Rf1 cxd4 27. Rxf3
Bxe5 28. Nb5 Qd8 29. f5 g5 30. Kb1 a6 31. Na3 Bf6 32. Rh3 Qe8 33. Nc2 Rd8 34.
Nb4 g4 35. Rd3 Qe7 36. Nd5 Qg7 37. Nxb6 Bg5 38. Qe2 Be3 39. Nd5 Rxd5 40. cxd5
Qe5 41. Qg2 Rb8 42. Qc2 Rb7 43. f6 Qe4 44. f7 Kg7 45. f8=Q+ Kxf8 46. Qc8+ Kg7
47. Qxb7+ Kf6 48. Kc2 Qg2+ 49. Kb3 1-0

[Event "Mistrzostwa Polski Juniorow do 16 lat"]
[Site "Karpacz"]
[Date "2015.??.??"]
[Round "6.15"]
[White "Janiszewski, Filip"]
[Black "Wisniewski, Jacek"]
[Result "1/2-1/2"]
[WhiteElo "1919"]
[BlackElo "1775"]
[PlyCount "60"]
[EventDate "2015.??.??"]

1. e4 c5 2. Nf3 d6 3. d4 cxd4 4. Nxd4 Nf6 5. Nc3 a6 6. Be3 e6 7. g4 b5 8. g5
Nfd7 9. Bg2 Bb7 10. f4 Be7 11. h4 b4 12. Nce2 Nb6 13. b3 N8d7 14. Qd2 d5 15. e5
Qc7 16. f5 exf5 17. O-O g6 18. e6 Nc5 19. exf7+ Kxf7 20. Nxf5 gxf5 21. Rxf5+
Ke8 22. Qd4 Rf8 23. Raf1 Ne6 24. Qxb6 Qxb6 25. Bxb6 Rc8 26. Re5 Rxf1+ 27. Kxf1
Kf7 28. Bh3 Rc6 29. Bxe6+ Rxe6 30. Rxe6 Kxe6 {Dalej zapis nieczytelny} 1/2-1/2

[Event "Mistrzostwa Polski Juniorow do 16 lat"]
[Site "Karpacz"]
[Date "2015.??.??"]
[Round "6.18"]
[White "Choina, Michal"]
[Black "Klementowski, Dawid"]
[Result "0-1"]
[WhiteElo "1678"]
[BlackElo "1805"]
[PlyCount "82"]
[EventDate "2015.??.??"]

1. c4 c5 2. Nc3 Nc6 3. g3 g6 4. Bg2 Bg7 5. d3 e6 6. e4 Nge7 7. Nge2 d6 8. O-O
O-O 9. Rb1 Rb8 10. a3 a5 11. Be3 e5 12. Qd2 f5 13. f3 Be6 14. Bh6 Qd7 15. Bxg7
Kxg7 16. Nd5 b5 17. b3 b4 18. a4 Bxd5 19. cxd5 Nd4 20. Nxd4 cxd4 21. Rbc1 Rbc8
22. Rc4 Rxc4 23. dxc4 fxe4 24. fxe4 Rxf1+ 25. Kxf1 Ng8 26. Qc2 Qc8 27. Bf3 Nf6
28. Kg2 Qc7 29. h4 Nd7 30. Bd1 Nc5 31. Qe2 Qd7 32. g4 h6 33. Qf3 Qd8 34. Kg3
Qe7 35. Kh3 g5 36. h5 Qf6 37. Kg3 Qf4+ 38. Kg2 Nxe4 39. Qxf4 gxf4 40. Bc2 Nc5
41. Kf3 Kf6 0-1

[Event "Mistrzostwa Polski Juniorow do 16 lat"]
[Site "?"]
[Date "2015.03.19"]
[Round "6.1"]
[White "Grela, Kacper"]
[Black "Janik, Igor"]
[Result "1-0"]
[WhiteElo "2172"]
[BlackElo "2277"]
[PlyCount "63"]
[EventDate "2015.??.??"]

1. e4 c5 2. Nf3 d6 3. d4 cxd4 4. Nxd4 Nf6 5. Nc3 g6 6. Be3 Bg7 7. Be2 O-O 8.
Qd2 Nc6 9. O-O-O Nxd4 10. Bxd4 Be6 11. Kb1 b5 12. Bxb5 Qc7 13. Ba4 Rfb8 14. f4
Rb4 15. Rhe1 Qb7 16. Bb3 Bxb3 17. cxb3 e6 18. g4 h6 19. h4 Nxg4 20. Bxg7 Kxg7
21. f5 Rd8 22. h5 Ne5 23. f6+ Kh7 24. hxg6+ fxg6 25. Rh1 h5 26. Qg5 Qf7 27. Rh3
Nd7 28. Rxd6 Rb6 29. Rd1 Rc8 30. e5 Rc5 31. Rdh1 Nxf6 32. Rf1 1-0

[Event "Mistrzostwa Polski Juniorow do 16 lat"]
[Site "?"]
[Date "2015.03.19"]
[Round "6.2"]
[White "Szostko, Jakub"]
[Black "Winiarski, Mikolaj"]
[Result "1-0"]
[WhiteElo "2162"]
[BlackElo "2113"]
[PlyCount "75"]
[EventDate "2015.??.??"]

1. e4 c6 2. d4 d5 3. Nc3 dxe4 4. Nxe4 Bf5 5. Ng3 Bg6 6. h4 h6 7. Nf3 Nd7 8. h5
Bh7 9. Bd3 Bxd3 10. Qxd3 e6 11. Bd2 Ngf6 12. O-O-O Qc7 13. Ne4 Nxe4 14. Qxe4
Nf6 15. Qe2 O-O-O 16. Kb1 Kb8 17. c4 c5 18. Bc3 Ka8 19. d5 exd5 20. Bxf6 gxf6
21. cxd5 Bd6 22. Rhe1 Rc8 23. Qc4 Qd7 24. Nd2 b5 25. Qc2 c4 26. Ne4 f5 27. Nxd6
Qxd6 28. Qxf5 c3 29. bxc3 Rxc3 30. Qe5 Qb4+ 31. Ka1 Rhc8 32. d6 Rc2 33. Qe4+
Qxe4 34. Rxe4 Kb7 35. Re7+ Kb6 36. d7 Rd8 37. Rxf7 Re2 38. g4 1-0

[Event "Mistrzostwa Polski Juniorow do 16 lat"]
[Site "?"]
[Date "2015.03.19"]
[Round "6.3"]
[White "Zylka, Stanislaw"]
[Black "Walter, Szymon"]
[Result "1-0"]
[WhiteElo "2065"]
[BlackElo "2179"]
[PlyCount "67"]
[EventDate "2015.??.??"]

1. d4 Nf6 2. Nf3 e6 3. g3 d5 4. Bg2 Be7 5. O-O O-O 6. c4 dxc4 7. Ne5 c6 8. Nc3
Nd5 9. Nxc4 b5 10. Ne5 Bb7 11. Qc2 Qb6 12. Rd1 Rd8 13. a4 f6 14. Ng4 a6 15. Ne3
b4 16. a5 Qa7 17. Na4 Nd7 18. Bh3 f5 19. Nc4 N7f6 20. Ncb6 Rab8 21. f3 b3 22.
Qxb3 Ba8 23. Bd2 Qc7 24. Qc4 Qd6 25. e3 g5 26. Bg2 Nxb6 27. axb6 Nd5 28. e4
fxe4 29. fxe4 Nxb6 30. Nxb6 Rxb6 31. Ba5 Rb5 32. Bxd8 Bxd8 33. Bh3 Kg7 34. Rxa6
1-0

[Event "Mistrzostwa Polski Juniorow do 16 lat"]
[Site "?"]
[Date "2015.03.19"]
[Round "6.4"]
[White "Nowak, Kamil"]
[Black "Wisniewski, Michal"]
[Result "1-0"]
[WhiteElo "2080"]
[BlackElo "2096"]
[PlyCount "87"]
[EventDate "2015.??.??"]

1. e4 Nf6 2. e5 Nd5 3. d4 d6 4. Nf3 g6 5. Bc4 Nb6 6. Bb3 Bg7 7. Qe2 d5 8. Bf4
Bg4 9. Nbd2 N8d7 10. h3 Bxf3 11. Nxf3 e6 12. O-O c5 13. c3 Qc7 14. h4 h5 15.
Qe3 c4 16. Bc2 Nc8 17. b4 a5 18. b5 a4 19. Bg5 a3 20. Rab1 Ra5 21. Rb4 Bf8 22.
Rbb1 Qb6 23. Bf6 Bh6 24. Ng5 Nxf6 25. exf6 O-O 26. Qg3 Qd6 27. Nxf7 Qxg3 28.
Nxh6+ Kh7 29. fxg3 Kxh6 30. Rbe1 Rxb5 31. Rxe6 Rb6 32. Rxb6 Nxb6 33. Bd1 Nd7
34. g4 hxg4 35. f7 Rd8 36. Bxg4 Nf8 37. Rb1 Rb8 38. Bf3 b5 39. Bxd5 b4 40. Rxb4
Rxb4 41. cxb4 c3 42. Bb3 Kg7 43. Kf2 Ne6 44. Ke3 1-0

[Event "Mistrzostwa Polski Juniorow do 16 lat"]
[Site "?"]
[Date "2015.03.19"]
[Round "6.6"]
[White "Koziol, Kamil"]
[Black "Bilczewski, Kacper"]
[Result "1-0"]
[WhiteElo "2216"]
[BlackElo "1890"]
[PlyCount "63"]
[EventDate "2015.??.??"]

1. e4 c6 2. d4 g6 3. Nc3 d5 4. e5 Bg7 5. f4 Nh6 6. Nf3 O-O 7. Be3 Bg4 8. h3
Bxf3 9. Qxf3 f6 10. exf6 exf6 11. O-O-O Nd7 12. g4 f5 13. g5 Nf7 14. h4 Qe7 15.
h5 Rae8 16. Bf2 Nd6 17. Re1 Qf7 18. Be2 Ne4 19. hxg6 hxg6 20. Qh3 Qe6 21. Nxe4
dxe4 22. d5 cxd5 23. Bd4 Re7 24. Qh7+ Kf7 25. Qxg7+ Ke8 26. Qh6 Qc6 27. Rh3 Qa4
28. Qxg6+ Kd8 29. Bf6 Nxf6 30. gxf6 Re6 31. Qxf5 Rfxf6 32. Qxd5+ 1-0

[Event "Mistrzostwa Polski Juniorow do 16 lat"]
[Site "Karpacz"]
[Date "2015.??.??"]
[Round "7.9"]
[White "Madej, Roman"]
[Black "Mockun, Dawid"]
[Result "0-1"]
[WhiteElo "1935"]
[BlackElo "1892"]
[PlyCount "128"]
[EventDate "2015.??.??"]

1. d4 d5 2. c4 c6 3. Nf3 e6 4. Nc3 Nf6 5. e3 a6 6. a4 Nbd7 7. Bd3 Bd6 8. O-O
O-O 9. e4 dxc4 10. Bxc4 e5 11. Bg5 Re8 12. Qb3 Qe7 13. Rfd1 h6 14. Bh4 exd4 15.
Rxd4 Bc7 16. Rxd7 Bxd7 17. e5 b5 18. exf6 bxc4 19. Qxc4 gxf6 20. h3 Kg7 21. Rd1
Rad8 22. Qxa6 Bc8 23. Qf1 Rxd1 24. Qxd1 Rd8 25. Qc2 Qd7 26. Bg3 Bxg3 27. fxg3
Qd3 28. Qxd3 Rxd3 29. Kf2 Rd7 30. b4 Rd3 31. Ne4 Rb3 32. b5 cxb5 33. axb5 Rxb5
34. g4 f5 35. gxf5 Bxf5 36. Ng3 Bg6 37. Nf1 Rb2+ 38. Kg3 Be4 39. N1h2 f5 40.
Nh4 Kf6 41. N2f3 Bxf3 42. Nxf3 Ke6 43. Nd4+ Ke5 44. Nf3+ Ke4 45. Kh2 f4 46. Kg1
Ke3 47. Kh2 Kf2 48. Nh4 Kf1 49. Kh1 h5 50. Kh2 f3 51. Nxf3 Rxg2+ 52. Kh1 Re2
53. Nh4 Rb2 54. Ng6 Kf2 55. Nf4 Rb5 56. Kh2 Kf3 57. Nd3 h4 58. Ne1+ Kf2 59.
Nd3+ Ke3 60. Ne1 Rb2+ 61. Kg1 Rb1 62. Kf1 Ra1 63. Kg2 Rxe1 64. Kh2 Re2+ 0-1

[Event "Mistrzostwa Polski Juniorow do 16 lat"]
[Site "Karpacz"]
[Date "2015.??.??"]
[Round "7.10"]
[White "Szustakowski, Antoni"]
[Black "Badyra, Wasyl"]
[Result "1/2-1/2"]
[WhiteElo "1862"]
[BlackElo "1885"]
[PlyCount "80"]
[EventDate "2015.??.??"]

1. Nf3 Nf6 2. c4 g6 3. Nc3 Bg7 4. e4 d6 5. d4 O-O 6. Be2 e5 7. O-O Nc6 8. d5
Ne7 9. b4 a5 10. Ba3 axb4 11. Bxb4 Nd7 12. a4 Bh6 13. a5 f5 14. Nd2 b6 15. axb6
Rxa1 16. Qxa1 Bxd2 17. bxc7 Qxc7 18. Nb5 Qb6 19. Bxd2 fxe4 20. Ba5 Qc5 21. Qc3
Nf5 22. Bb4 Qb6 23. Nxd6 Nxd6 24. c5 Nxc5 25. Qxc5 Qxc5 26. Bxc5 Rd8 27. Bxd6
Rxd6 28. Rd1 Bb7 29. Bc4 Kg7 30. Kf1 Kf6 31. Ke2 Ke7 32. Ke3 Rb6 33. Kxe4 Kd6
34. Kd3 Rb2 35. Ke3 Rb4 36. Rc1 h6 37. Ba2 Bxd5 38. Bxd5 Kxd5 39. Rc3 Re4+ 40.
Kd2 Ra4 1/2-1/2